00693nam a22001937a 450000500170000001000150001702000270003203500140005903700130007308200110008610000190009724501410011626000400025727001090029730000230040650000400042970000110046970000190048020190722131610.0 aENG-126034 a9788178443331c1495.00 aEN-109566 bDBAD/PUB a515.15 aGautam, Pragti aCalculus :cby Pragti Gautam, Arvind [and] Saumya Agarwalbfor B.A./B.Sc (Hons)- Mathematics as per choice baed credit system(CBSE) / / aNew DelhibR.K. Pulblicationsc2018 a4806/24, Bharat Ram Road, Darya GanjbNew Delhie110002k011-23285167, 65185557minfo@kkpublications.com axi,583p.c25cm(Hb) aIncludes bibliographical references aArvind aSaumya Agarwal